Finding the Keys Quiz Stats

 Plays Quiz Updated Oct 1, 2018

Also try: Jumbled Sets
Challenge
Share
Tweet
Embed
Score 0/64 Timer 20:00
4 Plays Today
% Correct
+ C = March
99.3%
+ U = August
98.6%
+ P = April
98%
+ C = October
97.3%
+ F = February
96.4%
+ C = December
96%
+ U = Venus
88.8%
+ R = Saturn
88.8%
+ H = Earth
88.6%
+ S = Uranus
88.4%
+ C = Mercury
87.3%
+ N = Neptune
86.2%
Theme 4/US States
79.6%
Theme 5/European Capitals
76.4%
+ A = Obama
67%
+ R = Carter
63.7%
+ S = Kansas
61.8%
+ I = Maine
61.7%
+ A = Delaware
60.9%
+ A = Nevada
60.1%
+ X = Texas
58.4%
+ O = Oregon
58.2%
Theme 7/Chemical Elements
55.3%
+ P = Paris
54.7%
+ A = Reagan
54.7%
+ E = Monroe
53.1%
+ Y = Hayes
46.8%
+ T = Truman
44.3%
+ L = Dublin
44%
+ B = Berlin
42.7%
+ N = Vienna
41.7%
Theme 6/African Countries
40.3%
% Correct
+ S = Athens
39.5%
+ A = Ghana
37.6%
+ E = Kenya
37.2%
+ R = Carbon
33.9%
+ A = Angola
33.5%
+ P = Prague
33.4%
Theme 8/Oscar Best Pictures
32.4%
+ I = Liberia
32.4%
+ I = Algeria
31.8%
+ O = Lesotho
30.1%
Theme 9/Muses
29.3%
+ U = Sodium
27.4%
+ X = Xenon
25.5%
+ G = Nitrogen
25%
+ K = Nickel
24.1%
+ I = Titanic
18.6%
+ H = Crash
18.4%
+ N = Wings
17.7%
+ B = Bromine
16.4%
For passkeys 1, 2 and 3 take the 1st letter of passkey
14.7%
+ A = Amadeus
14%
+ I = Oliver!
12.8%
+ O = Erato
12.6%
+ O = Calliope
12.5%
+ A = Thalia
11.9%
+ E = Terpsichore
11%
+ M = Hamlet
11%
+ E = Euterpe
10.8%
+ U = Urania
10.7%
And for passkeys 7, 8, and 9 take the last letter of passkey
10.2%
Then, for passkeys 4, 5 and 6 take the 4th letter of passkey
9.9%
You win!
6.8%

You're not logged in!

Compare scores with friends on all Sporcle quizzes.
OR
Log In

You Might Also Like...

Show Comments

Extras

Top Quizzes Today


Score Distribution

Your Account Isn't Verified!

In order to create a playlist on Sporcle, you need to verify the email address you used during registration. Go to your Sporcle Settings to finish the process.

Report this User

Report this user for behavior that violates our Community Guidelines.

Details: